000 01680cam a2200457Ii 4500
001 sjds798951
003 sjds
005 20180619231307.0
008 131208t20142008nyua a 000 0 spa d
020 _a9780545642217
_q(paperback)
020 _a0545642213
_q(paperback)
035 _a(OCoLC)864845682
035 _a(OCoLC)ocn864845682
035 _a782717
040 _aBTCTA
_beng
_erda
_cBTCTA
_dORK
_dOCLCO
_dFOLLT
_dOCLCO
_dSAP
_dO2C
_dOCLCF
_dON8
_dOCLCO
_dIFA
041 _aspa
049 _aIFAA
099 _f2014
100 1 _aPalacios, Francisca,
_eauthor.
245 1 0 _aAnimaletras /
_cFrancisca Palacios ; ilustraciones de Alejandra Oviedo.
260 _aNew York, NY :
_bScholastic Inc.,
_c[2014], c 2008.
264 1 _aNew York, NY :
_bScholastic Inc.,
_c[2014]
264 4 _cc2008.
300 _a1 volume (unpaged) :
_bcolor illustrations ;
_c28 cm
336 _atext
_btxt
_2rdacontent
336 _astill image
_bsti
_2rdacontent
337 _aunmediated
_bn
_2rdamedia
338 _avolume
_bnc
_2rdacarrier
500 _a"Scholastic en español"--Front cover.
520 _aAnimals, letters, and rhymes introduce the alphabet.
520 _aAnimales, letras y rimas introducen el abecedario.
546 _aText in Spanish. Texto en español.
650 0 _aAnimals
_vJuvenile literature.
650 0 _aSpanish language
_xAlphabet
_vJuvenile literature.
650 7 _aEspañol
_xAlfabeto
_vLiteratura juvenil.
_2bidex
650 7 _aAnimales
_vLiteratura juvenil.
_2bidex
650 7 _aCuentos en rima
_vLiteratura juvenil.
_2bidex
650 0 _aStories in rhyme
_vJuvenile literature.
700 1 _aOviedo, Alejandra,
_eillustrator.
942 _cBK
_2ddc
999 _c20896
_d20896